000 00465nmm a2200157Ia 4500
008 251105s9999||||xx |||||||||||||||||und||
020 _a9788492626939
041 _aspa
100 _aCamarero, Gloria (ed.)
245 0 _aVidas de cine: el biopic como género cinematgráfico
264 _a[Madrid, España] :
_bT&B Editores,
_c2011
300 _a308 páginas
650 _aFilm studies
856 _uhttps://public.digitaliapublishing.com/a/51920
942 _cCF
999 _c89042
_d89042